| 000 | 00000cam 2200000zi 4500 |
| 001 | 9.958199 |
| 003 | CaOODSP |
| 005 | 20251215131355 |
| 006 | m o d f |
| 007 | cr cn||||||||| |
| 008 | 251211e202512##onca ob f000 0 fre d |
| 040 | |aCaOODSP|bfre|erda|cCaOODSP |
| 043 | |an-cn---|af------ |
| 086 | 1 |aYC23-0/451-1F-PDF |
| 110 | 1 |aCanada. |bParlement. |bSénat. |bComité permanent des affaires étrangères et du commerce international, |eauteur, |eorganisme de publication. |
| 245 | 10|aCanada-Afrique : |bsaisir une opportunité stratégique : rapport du Comité sénatorial permanent des affaires étrangères et du commerce international / |cl'honorable Peter M. Boehm, président ; l'honorable Peter Harder, c.p., vice-président. |
| 246 | 13|aCanada-Afrique : |bsaisir une opportunité stratégique |
| 264 | 1|aOttawa (Ontario) Canada : |bSénat, Canada = Senate, Canada, |cdécembre 2025. |
| 300 | |a1 ressource en ligne (68 pages) : |billustrations en couleur. |
| 336 | |atexte|btxt|2rdacontent/fre |
| 337 | |ainformatique|bc|2rdamedia/fre |
| 338 | |aressource en ligne|bcr|2rdacarrier/fre |
| 490 | 1 |aRapport du Comité sénatorial permanent des affaires étrangères et du commerce international ; |v[1er rapport, 45e législature, 1re session] |
| 500 | |aPublié aussi en anglais sous le titre : Canada-Africa: seizing a strategic opportunity: report of the Standing Senate Committee on Foreign Affairs and International Trade. |
| 500 | |aTitre de la couverture. |
| 504 | |aComprend des références bibliographiques. |
| 520 | |a« Le présent rapport examine l'engagement du Canada en Afrique sous l'angle du renforcement des partenariats mutuellement profitables avec des intervenants africains. Il commence par une vue d'ensemble des possibilités et des difficultés actuelles et futures en Afrique, suivi d’un résumé des principes directeurs qui devraient orienter l’engagement du Canada dans ce continent. En particulier, le rapport décrit des moyens pour le Canada de renforcer ses relations avec les pays d'Afrique aux niveaux régional et multilatéral, y compris par l'intermédiaire de l'Union africaine, des Communautés économiques régionales de l'Afrique et du Groupe des vingt. Le rapport énumère aussi des priorités stratégiques du Canada en Afrique, notamment dans les domaines de la paix et de la sécurité, de la gouvernance et du développement, ainsi que du commerce, des investissements et des relations. Il contient 21 recommandations pour aider le gouvernement canadien à renforcer l'engagement du Canada en Afrique. Les recommandations du comité abordent plusieurs questions, y compris l'amélioration du dialogue politique avec la Commission de l'Union africaine, la contribution à la mise en place de la Zone de libre-échange continentale africaine, et la mobilisation du soutien apporté aux opérations de paix sous conduite africaine et à d'autres priorités africaines comme l'Agenda 2063. Il est aussi recommandé que le gouvernement du Canada fasse progresser les relations commerciales et les projets d'investissements canado-africains en investissant dans Exportation et développement Canada, le Service des délégués commerciaux et d'autres organismes et outils conçus pour « dé-risquer » et approfondir son engagement commercial dans le continent africain. … » -- Résumé, page 7. |
| 651 | 6|aCanada|xRelations extérieures|zAfrique. |
| 651 | 6|aAfrique|xRelations extérieures|zCanada. |
| 651 | 6|aCanada|xRelations économiques extérieures|zAfrique. |
| 651 | 6|aAfrique|xRelations économiques extérieures|zCanada. |
| 700 | 1 |aBoehm, Peter M. |
| 700 | 1 |aHarder, Vernon Peter, |d1952- |
| 775 | 08|tCanada-Africa : |w(CaOODSP)9.958194 |
| 830 | #0|aRapport du Comité sénatorial permanent des affaires étrangères et du commerce international ;|v1er rapport, 45e législature, 1re session.|w(CaOODSP)9.501654 |
| 856 | 40|qPDF|s1.49 Mo|uhttps://publications.gc.ca/collections/collection_2025/sen/yc23-0/YC23-0-451-1-fra.pdf |